[Event "European Women's Chess Club Cup 2023"]
[Site "Durres, Albania"]
[Date "2023.10.06"]
[Round "6.9"]
[White "Muzychuk, Mariya"]
[Black "Khotenashvili, Bella"]
[Result "0-1"]
[TimeControl "90' + 30' & 30\""]
[WhiteElo "2519"]
[BlackElo "2483"]

1. e4 {[%clk 01:30:56]} {[%emt 00:00:04]} c6 {[%clk 01:29:56]} {[%emt
00:01:04]} 2. Nc3 {[%clk 01:31:00]} {[%emt 00:00:26]} d5 {[%clk 01:29:52]}
{[%emt 00:00:34]} 3. Nf3 {[%clk 01:31:17]} {[%emt 00:00:13]} Bg4 {[%clk
01:27:46]} {[%emt 00:02:35]} 4. h3 {[%clk 01:31:28]} {[%emt 00:00:20]} Bxf3
{[%clk 01:28:11]} {[%emt 00:00:05]} 5. Qxf3 {[%clk 01:31:55]} {[%emt 00:00:03]}
e6 {[%clk 01:28:35]} {[%emt 00:00:06]} 6. d4 {[%clk 01:32:01]} {[%emt
00:00:24]} dxe4 {[%clk 01:28:48]} {[%emt 00:00:17]} 7. Qxe4 {[%clk 01:30:22]}
{[%emt 00:02:09]} Nf6 {[%clk 01:29:10]} {[%emt 00:00:07]} 8. Qd3 {[%clk
01:30:38]} {[%emt 00:00:15]} Nbd7 {[%clk 01:27:41]} {[%emt 00:01:59]} 9. g3
{[%clk 01:29:47]} {[%emt 00:01:21]} Be7 {[%clk 01:23:54]} {[%emt 00:04:17]} 10.
Bg2 {[%clk 01:30:08]} {[%emt 00:00:08]} O-O {[%clk 01:24:12]} {[%emt 00:00:12]}
11. O-O {[%clk 01:30:23]} {[%emt 00:00:15]} Qb6 {[%clk 01:23:21]} {[%emt
00:01:22]} 12. Ne2 {[%clk 01:18:50]} {[%emt 00:12:03]} Rfd8 {[%clk 01:14:04]}
{[%emt 00:09:47]} 13. c4 {[%clk 01:19:01]} {[%emt 00:00:19]} a5 {[%clk
01:08:15]} {[%emt 00:06:19]} 14. Be3 {[%clk 01:17:54]} {[%emt 00:01:37]} a4
{[%clk 01:07:29]} {[%emt 00:01:16]} 15. Qc2 {[%clk 01:14:53]} {[%emt 00:03:31]}
Qa5 {[%clk 00:58:05]} {[%emt 00:09:54]} 16. Rfd1 {[%clk 01:15:06]} {[%emt
00:00:17]} a3 {[%clk 00:55:30]} {[%emt 00:03:04]} 17. bxa3 {[%clk 01:11:24]}
{[%emt 00:04:13]} Qxa3 {[%clk 00:51:51]} {[%emt 00:04:10]} 18. Rdb1 {[%clk
01:11:29]} {[%emt 00:00:24]} Qa6 {[%clk 00:41:40]} {[%emt 00:10:40]} 19. Qb3
{[%clk 00:59:32]} {[%emt 00:12:27]} Ba3 {[%clk 00:33:53]} {[%emt 00:08:17]} 20.
f4 {[%clk 00:50:42]} {[%emt 00:09:21]} Rab8 {[%clk 00:28:37]} {[%emt 00:05:46]}
21. Nc3 {[%clk 00:50:10]} {[%emt 00:01:02]} h5 {[%clk 00:25:26]} {[%emt
00:03:39]} 22. Kh2 {[%clk 00:40:41]} {[%emt 00:10:00]} Rdc8 {[%clk 00:22:40]}
{[%emt 00:03:16]} 23. Bf3 {[%clk 00:35:39]} {[%emt 00:05:33]} Qa5 {[%clk
00:18:56]} {[%emt 00:04:14]} 24. g4 {[%clk 00:32:20]} {[%emt 00:03:48]} h4
{[%clk 00:15:40]} {[%emt 00:03:47]} 25. g5 {[%clk 00:28:44]} {[%emt 00:04:06]}
Ne8 {[%clk 00:16:08]} {[%emt 00:00:02]} 26. g6 {[%clk 00:27:57]} {[%emt
00:01:17]} fxg6 {[%clk 00:11:05]} {[%emt 00:05:33]} 27. c5 {[%clk 00:27:38]}
{[%emt 00:00:49]} Nc7 {[%clk 00:10:56]} {[%emt 00:00:38]} 28. Ne4 {[%clk
00:19:25]} {[%emt 00:08:44]} b6 {[%clk 00:06:25]} {[%emt 00:05:01]} 29. Nd6
{[%clk 00:18:59]} {[%emt 00:00:56]} bxc5 {[%clk 00:06:54]} {[%emt 00:00:02]} 30.
Qd3 {[%clk 00:18:53]} {[%emt 00:00:35]} c4 {[%clk 00:06:24]} {[%emt 00:01:00]}
31. Nxc4 {[%clk 00:18:22]} {[%emt 00:01:01]} Qa6 {[%clk 00:06:53]} {[%emt
00:00:01]} 32. Be2 {[%clk 00:14:16]} {[%emt 00:04:36]} Nd5 {[%clk 00:04:57]}
{[%emt 00:02:25]} 33. Bd2 {[%clk 00:11:15]} {[%emt 00:03:32]} Be7 {[%clk
00:03:50]} {[%emt 00:01:37]} 34. Qxg6 {[%clk 00:07:28]} {[%emt 00:04:16]} Nf8
{[%clk 00:04:15]} {[%emt 00:00:06]} 35. Qc2 {[%clk 00:04:13]} {[%emt 00:03:45]}
Bf6 {[%clk 00:03:28]} {[%emt 00:01:16]} 36. Qe4 {[%clk 00:01:51]} {[%emt
00:02:53]} Rxb1 {[%clk 00:03:02]} {[%emt 00:00:56]} 37. Rxb1 {[%clk 00:02:16]}
{[%emt 00:00:05]} Qxa2 {[%clk 00:03:24]} {[%emt 00:00:08]} 38. Rg1 {[%clk
00:02:23]} {[%emt 00:00:23]} Rd8 {[%clk 00:02:08]} {[%emt 00:01:45]} 39. Rg2
{[%clk 00:02:09]} {[%emt 00:00:44]} Ne7 {[%clk 00:01:53]} {[%emt 00:00:46]} 40.
Be3 {[%clk 00:01:29]} {[%emt 00:01:10]} Nf5 {[%clk 00:01:06]} {[%emt 00:01:16]}
41. Qxc6 {[%clk 00:27:28]} {[%emt 00:04:31]} Nxd4 {[%clk 00:26:05]} {[%emt
00:05:32]} 42. Bxd4 {[%clk 00:24:46]} {[%emt 00:03:12]} Rxd4 {[%clk 00:25:25]}
{[%emt 00:01:10]} 43. Ne3 {[%clk 00:11:42]} {[%emt 00:13:33]} Qd2 {[%clk
00:16:42]} {[%emt 00:09:13]} 44. Qf3 {[%clk 00:11:07]} {[%emt 00:01:05]} Qc3
{[%clk 00:16:58]} {[%emt 00:00:14]} 45. Rg4 {[%clk 00:09:40]} {[%emt 00:01:57]}
Rd2 {[%clk 00:12:24]} {[%emt 00:05:04]} 46. Rg2 {[%clk 00:09:58]} {[%emt
00:00:13]} Rd4 {[%clk 00:11:41]} {[%emt 00:01:13]} 47. Rg4 {[%clk 00:10:11]}
{[%emt 00:00:16]} Qb2 {[%clk 00:11:13]} {[%emt 00:00:58]} 48. Kh1 {[%clk
00:07:26]} {[%emt 00:03:16]} Qc1+ {[%clk 00:09:08]} {[%emt 00:02:35]} 49. Kg2
{[%clk 00:06:34]} {[%emt 00:01:21]} Rd2 {[%clk 00:08:48]} {[%emt 00:00:49]} 50.
Kf2 {[%clk 00:05:46]} {[%emt 00:01:19]} Rb2 {[%clk 00:08:14]} {[%emt 00:01:05]}
51. f5 {[%clk 00:02:45]} {[%emt 00:03:30]} Rb1 {[%clk 00:08:25]} {[%emt
00:00:19]} 52. Qf4 {[%clk 00:02:58]} {[%emt 00:00:17]} Qe1+ {[%clk 00:08:06]}
{[%emt 00:00:49]} 53. Kf3 {[%clk 00:03:26]} {[%emt 00:00:02]} Qh1+ {[%clk
00:07:34]} {[%emt 00:01:02]} 54. Kf2 {[%clk 00:03:49]} {[%emt 00:00:07]} Qe1+
{[%clk 00:05:52]} {[%emt 00:02:12]} 55. Kf3 {[%clk 00:04:17]} {[%emt 00:00:02]}
Rb2 {[%clk 00:06:15]} {[%emt 00:00:07]} 56. Rg2 {[%clk 00:02:37]} {[%emt
00:02:10]} Nd7 {[%clk 00:06:04]} {[%emt 00:00:42]} 57. Nc4 {[%clk 00:02:31]}
{[%emt 00:00:36]} Rb3+ {[%clk 00:05:51]} {[%emt 00:00:42]} 58. Kg4 {[%clk
00:02:57]} {[%emt 00:00:04]} Rg3+ {[%clk 00:03:08]} {[%emt 00:03:13]} 59. Rxg3
{[%clk 00:03:02]} {[%emt 00:00:25]} Qxe2+ {[%clk 00:03:37]} {[%emt 00:00:02]}
60. Rf3 {[%clk 00:02:46]} {[%emt 00:00:45]} e5 {[%clk 00:03:48]} {[%emt
00:00:19]} 61. Qe3 {[%clk 00:01:59]} {[%emt 00:01:18]} Qxc4+ {[%clk 00:04:16]}
{[%emt 00:00:02]} 62. Kh5 {[%clk 00:02:23]} {[%emt 00:00:06]} Qf7+ {[%clk
00:03:14]} {[%emt 00:01:32]} 63. Kg4 {[%clk 00:02:50]} {[%emt 00:00:03]} Qc4+
{[%clk 00:02:31]} {[%emt 00:01:13]} 64. Kh5 {[%clk 00:03:17]} {[%emt 00:00:02]}
Kh7 {[%clk 00:02:17]} {[%emt 00:00:45]} 65. Qb3 {[%clk 00:03:06]} {[%emt
00:00:41]} Qe2 {[%clk 00:02:18]} {[%emt 00:00:29]} 66. Qe3 {[%clk 00:03:16]}
{[%emt 00:00:19]} Qg2 {[%clk 00:01:49]} {[%emt 00:00:59]} 67. Rf2 {[%clk
00:03:24]} {[%emt 00:00:22]} Qd5 {[%clk 00:01:36]} {[%emt 00:00:44]} 68. Rd2
{[%clk 00:03:38]} {[%emt 00:00:15]} Qf7+ {[%clk 00:01:32]} {[%emt 00:00:35]} 69.
Kg4 {[%clk 00:04:05]} {[%emt 00:00:03]} Qc4+ {[%clk 00:01:58]} {[%emt
00:00:04]} 70. Kf3 {[%clk 00:03:50]} {[%emt 00:00:45]} Nc5 {[%clk 00:02:14]}
{[%emt 00:00:13]} 71. Rd1 {[%clk 00:03:17]} {[%emt 00:01:03]} Qc2 {[%clk
00:02:27]} {[%emt 00:00:17]} 72. Rc1 {[%clk 00:02:44]} {[%emt 00:01:03]} Qxf5+
{[%clk 00:02:55]} {[%emt 00:00:03]} 73. Ke2 {[%clk 00:03:09]} {[%emt 00:00:05]}
Ne6 {[%clk 00:03:18]} {[%emt 00:00:07]} 74. Rf1 {[%clk 00:02:50]} {[%emt
00:00:48]} Nd4+ {[%clk 00:03:20]} {[%emt 00:00:28]} 75. Qxd4 {[%clk 00:03:03]}
{[%emt 00:00:17]} Qxf1+ {[%clk 00:03:46]} {[%emt 00:00:04]} 0-1

[Event "European Women's Chess Club Cup 2023"]
[Site "Durres, Albania"]
[Date "2023.10.06"]
[Round "6.10"]
[White "Salimova, Nurgyul"]
[Black "Muzychuk, Anna"]
[Result "1/2-1/2"]
[TimeControl "90' + 30' & 30\""]
[WhiteElo "2424"]
[BlackElo "2510"]

1. d4 {[%clk 01:30:57]} {[%emt 00:00:02]} Nf6 {[%clk 01:30:52]} {[%emt
00:00:08]} 2. Nf3 {[%clk 01:31:18]} {[%emt 00:00:09]} g6 {[%clk 01:31:09]}
{[%emt 00:00:14]} 3. c4 {[%clk 01:30:07]} {[%emt 00:01:40]} Bg7 {[%clk
01:31:28]} {[%emt 00:00:11]} 4. Nc3 {[%clk 01:30:10]} {[%emt 00:00:27]} d5
{[%clk 01:31:45]} {[%emt 00:00:14]} 5. cxd5 {[%clk 01:27:49]} {[%emt 00:02:51]}
Nxd5 {[%clk 01:32:06]} {[%emt 00:00:09]} 6. e4 {[%clk 01:28:15]} {[%emt
00:00:04]} Nxc3 {[%clk 01:32:04]} {[%emt 00:00:32]} 7. bxc3 {[%clk 01:28:39]}
{[%emt 00:00:05]} c5 {[%clk 01:32:26]} {[%emt 00:00:08]} 8. Bb5+ {[%clk
01:29:04]} {[%emt 00:00:05]} Nc6 {[%clk 01:31:35]} {[%emt 00:01:22]} 9. O-O
{[%clk 01:28:44]} {[%emt 00:00:49]} O-O {[%clk 01:31:17]} {[%emt 00:00:49]} 10.
Bxc6 {[%clk 01:29:01]} {[%emt 00:00:12]} bxc6 {[%clk 01:31:46]} 11. Qc2 {[%clk
01:29:18]} {[%emt 00:00:15]} cxd4 {[%clk 01:31:03]} {[%emt 00:01:13]} 12. cxd4
{[%clk 01:29:42]} {[%emt 00:00:05]} Bg4 {[%clk 01:31:04]} {[%emt 00:00:30]} 13.
Ne5 {[%clk 01:29:58]} {[%emt 00:00:13]} Qxd4 {[%clk 01:31:03]} {[%emt
00:00:31]} 14. Bb2 {[%clk 01:30:18]} {[%emt 00:00:11]} Qb6 {[%clk 01:30:54]}
{[%emt 00:00:39]} 15. Rab1 {[%clk 01:30:32]} {[%emt 00:00:15]} Bxe5 {[%clk
01:30:08]} {[%emt 00:01:16]} 16. Bxe5 {[%clk 01:30:56]} {[%emt 00:00:06]} Qa5
{[%clk 01:30:33]} {[%emt 00:00:06]} 17. Bc3 {[%clk 01:31:02]} {[%emt 00:00:23]}
Qc5 {[%clk 01:30:24]} {[%emt 00:00:39]} 18. Qb2 {[%clk 01:31:24]} {[%emt
00:00:09]} Qd6 {[%clk 01:20:59]} {[%emt 00:09:55]} 19. Be5 {[%clk 01:18:09]}
{[%emt 00:13:43]} Qd3 {[%clk 01:19:37]} {[%emt 00:01:53]} 20. Qb4 {[%clk
01:07:27]} {[%emt 00:11:12]} Rfe8 {[%clk 01:13:32]} {[%emt 00:06:35]} 21. Rb3
{[%clk 01:02:31]} {[%emt 00:05:26]} Qe2 {[%clk 01:04:49]} {[%emt 00:09:14]} 22.
Ba1 {[%clk 00:42:52]} {[%emt 00:20:08]} Rad8 {[%clk 00:56:07]} {[%emt
00:09:12]} 23. Re3 {[%clk 00:36:58]} {[%emt 00:06:24]} Qxa2 {[%clk 00:44:57]}
{[%emt 00:11:40]} 24. Qc3 {[%clk 00:36:04]} {[%emt 00:01:24]} e5 {[%clk
00:42:54]} {[%emt 00:02:34]} 25. Qxc6 {[%clk 00:27:34]} {[%emt 00:08:58]} Bd7
{[%clk 00:27:48]} {[%emt 00:15:37]} 26. Qf6 {[%clk 00:21:50]} {[%emt 00:06:15]}
Qe6 {[%clk 00:27:12]} {[%emt 00:01:06]} 27. Qh4 {[%clk 00:20:50]} {[%emt
00:01:29]} Qg4 {[%clk 00:22:40]} {[%emt 00:05:02]} 28. Qf6 {[%clk 00:19:15]}
{[%emt 00:02:05]} Qe6 {[%clk 00:20:22]} {[%emt 00:02:48]} 29. Qh4 {[%clk
00:16:45]} {[%emt 00:03:00]} Bb5 {[%clk 00:15:49]} {[%emt 00:05:02]} 30. Rfe1
{[%clk 00:16:36]} {[%emt 00:00:40]} Rd3 {[%clk 00:14:54]} {[%emt 00:01:25]} 31.
Rxd3 {[%clk 00:13:35]} {[%emt 00:03:31]} Bxd3 {[%clk 00:15:23]} {[%emt
00:00:02]} 32. Qg3 {[%clk 00:12:32]} {[%emt 00:01:33]} Bc2 {[%clk 00:12:38]}
{[%emt 00:03:14]} 33. h4 {[%clk 00:09:01]} {[%emt 00:04:01]} f6 {[%clk
00:10:25]} {[%emt 00:02:43]} 34. Qa3 {[%clk 00:02:53]} {[%emt 00:06:38]} a6
{[%clk 00:09:28]} {[%emt 00:01:27]} 35. Kh2 {[%clk 00:01:46]} {[%emt 00:01:38]}
Rc8 {[%clk 00:04:17]} {[%emt 00:05:40]} 36. f3 {[%clk 00:01:55]} {[%emt
00:00:22]} Qc4 {[%clk 00:02:19]} {[%emt 00:02:28]} 37. Re3 {[%clk 00:01:25]}
{[%emt 00:00:59]} Qe6 {[%clk 00:01:47]} {[%emt 00:01:02]} 38. Qa5 {[%clk
00:01:26]} {[%emt 00:00:29]} Qd6 {[%clk 00:01:12]} {[%emt 00:01:06]} 39. Rc3
{[%clk 00:01:08]} {[%emt 00:00:48]} Rxc3 {[%clk 00:01:31]} {[%emt 00:00:11]} 40.
Bxc3 {[%clk 00:01:23]} {[%emt 00:00:13]} Bd3 {[%clk 00:01:11]} {[%emt
00:00:51]} 1/2-1/2

[Event "European Women's Chess Club Cup 2023"]
[Site "Durres, Albania"]
[Date "2023.10.06"]
[Round "6.11"]
[White "Khademalsharieh, Sarasadat"]
[Black "Injac, Teodora"]
[Result "1/2-1/2"]
[TimeControl "90' + 30' & 30\""]
[WhiteElo "2476"]
[BlackElo "2426"]

1. Nf3 {[%clk 01:30:55]} {[%emt 00:00:05]} d5 {[%clk 01:30:07]} {[%emt
00:00:53]} 2. e3 {[%clk 01:31:12]} {[%emt 00:00:13]} Nf6 {[%clk 01:30:22]}
{[%emt 00:00:15]} 3. c4 {[%clk 01:30:32]} {[%emt 00:01:10]} e6 {[%clk
01:30:29]} {[%emt 00:00:22]} 4. Nc3 {[%clk 01:30:09]} {[%emt 00:00:53]} b6
{[%clk 01:28:11]} {[%emt 00:02:49]} 5. b3 {[%clk 01:30:01]} {[%emt 00:00:38]}
Bb7 {[%clk 01:24:13]} {[%emt 00:04:27]} 6. Bb2 {[%clk 01:29:03]} {[%emt
00:01:29]} Nbd7 {[%clk 01:21:07]} {[%emt 00:03:36]} 7. cxd5 {[%clk 01:25:04]}
{[%emt 00:04:29]} exd5 {[%clk 01:21:35]} {[%emt 00:00:02]} 8. Rc1 {[%clk
01:24:55]} {[%emt 00:00:39]} a6 {[%clk 01:20:28]} {[%emt 00:01:37]} 9. d4
{[%clk 01:23:51]} {[%emt 00:01:33]} Bd6 {[%clk 01:18:46]} {[%emt 00:02:12]} 10.
Bd3 {[%clk 01:23:47]} {[%emt 00:00:34]} O-O {[%clk 01:17:36]} {[%emt 00:01:40]}
11. O-O {[%clk 01:24:13]} {[%emt 00:00:05]} Qe7 {[%clk 01:12:57]} {[%emt
00:05:09]} 12. Bf5 {[%clk 01:07:56]} {[%emt 00:16:47]} g6 {[%clk 00:58:34]}
{[%emt 00:14:52]} 13. Bh3 {[%clk 01:06:17]} {[%emt 00:02:09]} Ne4 {[%clk
00:54:29]} {[%emt 00:04:36]} 14. Bxd7 {[%clk 01:04:57]} {[%emt 00:01:50]} Qxd7
{[%clk 00:51:39]} {[%emt 00:03:20]} 15. Ne5 {[%clk 00:57:28]} {[%emt 00:07:59]}
Nxc3 {[%clk 00:39:51]} {[%emt 00:12:17]} 16. Rxc3 {[%clk 00:54:15]} {[%emt
00:03:44]} Bxe5 {[%clk 00:31:25]} {[%emt 00:08:56]} 17. dxe5 {[%clk 00:54:39]}
{[%emt 00:00:05]} c5 {[%clk 00:31:53]} {[%emt 00:00:02]} 18. b4 {[%clk
00:48:39]} {[%emt 00:06:30]} Qb5 {[%clk 00:26:42]} {[%emt 00:05:41]} 19. Qb3
{[%clk 00:24:39]} {[%emt 00:24:30]} Qxb4 {[%clk 00:22:06]} {[%emt 00:05:07]} 20.
Qxb4 {[%clk 00:24:54]} {[%emt 00:00:15]} cxb4 {[%clk 00:22:31]} {[%emt
00:00:05]} 21. Rc7 {[%clk 00:25:14]} {[%emt 00:00:10]} Bc8 {[%clk 00:22:40]}
{[%emt 00:00:21]} 22. Bd4 {[%clk 00:25:28]} {[%emt 00:00:16]} Bf5 {[%clk
00:16:37]} {[%emt 00:06:32]} 23. Rfc1 {[%clk 00:20:30]} {[%emt 00:05:29]} a5
{[%clk 00:13:58]} {[%emt 00:03:09]} 24. h3 {[%clk 00:14:13]} {[%emt 00:06:47]}
Rfc8 {[%clk 00:04:22]} {[%emt 00:10:06]} 25. Rxc8+ {[%clk 00:12:03]} {[%emt
00:02:40]} Rxc8 {[%clk 00:03:56]} {[%emt 00:00:56]} 26. Rxc8+ {[%clk 00:12:25]}
{[%emt 00:00:07]} Bxc8 {[%clk 00:04:23]} {[%emt 00:00:03]} 27. Bxb6 {[%clk
00:12:41]} {[%emt 00:00:14]} a4 {[%clk 00:04:51]} {[%emt 00:00:03]} 28. Bc5
{[%clk 00:12:35]} {[%emt 00:00:37]} b3 {[%clk 00:05:15]} {[%emt 00:00:05]} 29.
axb3 {[%clk 00:12:56]} {[%emt 00:00:09]} axb3 {[%clk 00:05:41]} {[%emt
00:00:04]} 30. Ba3 {[%clk 00:13:05]} {[%emt 00:00:21]} Kg7 {[%clk 00:05:26]}
{[%emt 00:00:45]} 31. h4 {[%clk 00:11:10]} {[%emt 00:02:25]} f6 {[%clk
00:04:30]} {[%emt 00:01:26]} 32. exf6+ {[%clk 00:09:40]} {[%emt 00:02:00]} Kxf6
{[%clk 00:04:58]} {[%emt 00:00:01]} 33. f3 {[%clk 00:09:36]} {[%emt 00:00:35]}
h5 {[%clk 00:04:57]} {[%emt 00:00:31]} 34. Kf2 {[%clk 00:10:00]} {[%emt
00:00:05]} Kf5 {[%clk 00:04:51]} {[%emt 00:00:36]} 35. Bb2 {[%clk 00:10:17]}
{[%emt 00:00:13]} Ba6 {[%clk 00:04:50]} {[%emt 00:00:31]} 1/2-1/2

[Event "European Women's Chess Club Cup 2023"]
[Site "Durres, Albania"]
[Date "2023.10.06"]
[Round "6.12"]
[White "Gaal, Zsoka"]
[Black "Paehtz, Elisabeth"]
[Result "1/2-1/2"]
[TimeControl "90' + 30' & 30\""]
[WhiteElo "2305"]
[BlackElo "2484"]

1. d4 {[%clk 01:30:49]} {[%emt 00:00:10]} Nf6 {[%clk 01:30:51]} {[%emt
00:00:09]} 2. c4 {[%clk 01:30:45]} {[%emt 00:00:27]} g6 {[%clk 01:31:10]}
{[%emt 00:00:19]} 3. Nc3 {[%clk 01:30:58]} {[%emt 00:00:17]} Bg7 {[%clk
01:31:36]} {[%emt 00:00:03]} 4. e4 {[%clk 01:31:19]} {[%emt 00:00:09]} d6
{[%clk 01:32:02]} {[%emt 00:00:05]} 5. Be2 {[%clk 01:31:40]} {[%emt 00:00:08]}
Na6 {[%clk 01:31:51]} {[%emt 00:00:41]} 6. Be3 {[%clk 01:30:27]} {[%emt
00:01:43]} O-O {[%clk 01:29:17]} {[%emt 00:03:05]} 7. Nf3 {[%clk 01:26:52]}
{[%emt 00:04:04]} e5 {[%clk 01:24:18]} {[%emt 00:05:29]} 8. O-O {[%clk
01:24:01]} {[%emt 00:03:21]} h6 {[%clk 01:16:16]} {[%emt 00:08:33]} 9. dxe5
{[%clk 01:03:03]} {[%emt 00:21:27]} Ng4 {[%clk 01:16:23]} {[%emt 00:00:23]} 10.
Bf4 {[%clk 01:02:45]} {[%emt 00:00:48]} Nxe5 {[%clk 01:14:37]} {[%emt
00:02:16]} 11. Nxe5 {[%clk 00:57:49]} {[%emt 00:05:27]} dxe5 {[%clk 01:15:03]}
{[%emt 00:00:04]} 12. Be3 {[%clk 00:58:02]} {[%emt 00:00:17]} Be6 {[%clk
01:09:38]} {[%emt 00:05:55]} 13. Qc1 {[%clk 00:50:21]} {[%emt 00:08:10]} Kh7
{[%clk 01:10:01]} {[%emt 00:00:07]} 14. Rd1 {[%clk 00:49:49]} {[%emt 00:01:03]}
Qc8 {[%clk 01:09:50]} {[%emt 00:00:41]} 15. Nb5 {[%clk 00:45:55]} {[%emt
00:04:23]} f5 {[%clk 01:04:32]} {[%emt 00:05:49]} 16. exf5 {[%clk 00:43:40]}
{[%emt 00:02:45]} gxf5 {[%clk 01:01:55]} {[%emt 00:03:07]} 17. f4 {[%clk
00:41:55]} {[%emt 00:02:15]} e4 {[%clk 01:02:21]} {[%emt 00:00:04]} 18. Bd4
{[%clk 00:33:12]} {[%emt 00:09:13]} Rg8 {[%clk 01:00:26]} {[%emt 00:02:24]} 19.
Qe3 {[%clk 00:30:11]} {[%emt 00:03:31]} Nb4 {[%clk 00:35:01]} {[%emt 00:25:55]}
20. Rd2 {[%clk 00:29:12]} {[%emt 00:01:29]} a6 {[%clk 00:26:57]} {[%emt
00:08:35]} 21. Bxg7 {[%emt 00:01:20]} axb5 {[%clk 00:21:09]} {[%emt 00:06:17]}
22. Bc3 {[%clk 00:26:51]} {[%emt 00:02:01]} Nxa2 {[%clk 00:21:34]} {[%emt
00:00:05]} 23. Be5 {[%clk 00:24:57]} {[%emt 00:02:24]} Nc3 {[%clk 00:17:42]}
{[%emt 00:04:22]} 24. Rxa8 {[%clk 00:16:16]} {[%emt 00:09:11]} Nxe2+ {[%clk
00:18:09]} {[%emt 00:00:04]} 25. Rxe2 {[%clk 00:08:24]} {[%emt 00:08:21]} Qxa8
{[%clk 00:18:36]} {[%emt 00:00:03]} 26. Qc5 {[%clk 00:08:40]} {[%emt 00:00:14]}
Qd8 {[%clk 00:15:31]} {[%emt 00:03:35]} 27. Rd2 {[%clk 00:07:14]} {[%emt
00:01:56]} b6 {[%clk 00:15:58]} {[%emt 00:00:03]} 28. Rxd8 {[%clk 00:02:22]}
{[%emt 00:05:22]} bxc5 {[%clk 00:16:25]} {[%emt 00:00:03]} 29. Rxg8 {[%clk
00:02:45]} {[%emt 00:00:08]} Kxg8 {[%clk 00:16:49]} {[%emt 00:00:05]} 30. cxb5
{[%clk 00:03:09]} {[%emt 00:00:07]} Bc4 {[%clk 00:17:15]} {[%emt 00:00:04]} 31.
Bxc7 {[%clk 00:03:33]} {[%emt 00:00:06]} Bxb5 {[%clk 00:17:42]} {[%emt
00:00:02]} 32. Kf2 {[%clk 00:03:37]} {[%emt 00:00:27]} Bd3 {[%clk 00:17:40]}
{[%emt 00:00:32]} 33. Ke3 {[%clk 00:03:38]} {[%emt 00:00:28]} 1/2-1/2